000 00196 a2200109 4500
020 _a9780752890708
041 _aeng
100 _aIan Rankin
245 _aDoors Open
942 _cBK
952 _74
999 _c16557
_d16557